00777cam a2200217 a 450000100100000000500170001000800410002702000150006804000350008304300090011808200200012710000380014724501320018526000420031730000330035950400690039265000200046165000220048170000270050370000290053000001798420200929165314.0830907s2001 cu a 000 0 spa d a9591006748 aDO-SdBNPcDLCdDLCdDLCdBNPHU anwcu aCu861.44bG958L1 aGuillén, Nicolás,d1902-1989.13aEl libro de los sones /cNicolás Guillén ; selección, prólogo y notas de Ángel Augier ; edición de Eliana Dávila. aLa Habana :bLetras Cubanas ;,c2001. a171, [4] p. :bil. ;c21 cm. aIncluye notas y referencias bibliográficas al pie de páginas 4aPoesía cubana 4aLiteratura cubana1 aDávila, Eliana,eed.1 aAugier, Ángel,epról